Sports Quiz

Random Sports or MLB Quiz

MLB HoF Highest Voted by Position Quiz Stats

 Plays Quiz Updated Jan 22, 2019

Challenge
Share
Tweet
Embed
Score 0/27 Timer 07:00
0 Plays Today
Position Player % Correct
Right FieldersBabe Ruth
86.9%
PitchersMariano Rivera
83.3%
CatchersJohnny Bench
82.9%
CatchersYogi Berra
77.3%
ShortstopsCal Ripken, Jr.
75.9%
PitchersNolan Ryan
74.5%
Center FieldersKen Griffey Jr.
74.4%
Center FieldersWillie Mays
73.9%
Third BasemenMike Schmidt
72.3%
Center FieldersTy Cobb
69.5%
Third BasemenChipper Jones
67.4%
PitchersTom Seaver
66.5%
ShortstopsOzzie Smith
66.5%
Left FieldersTed Williams
63.9%
Position Player % Correct
Right FieldersHank Aaron
62.3%
ShortstopsHonus Wagner
59.2%
Second BasemenRoberto Alomar
53.7%
Third BasemenGeorge Brett
52.5%
CatchersMike Piazza
50.9%
Right FieldersTony Gwynn
45%
Left FieldersCarl Yastrzemski
44%
Left FieldersRickey Henderson
40.8%
First BasemenJeff Bagwell
39%
First BasemenRod Carew
25.2%
Second BasemenCharlie Gehringer
19.1%
First BasemenJim Thome
16.3%
Second BasemenFrankie Frisch
11.2%

You're not logged in!

Compare scores with friends on all Sporcle quizzes.
OR
Log In

You Might Also Like...

Show Comments

Extras

Top Quizzes Today


Score Distribution

Your Account Isn't Verified!

In order to create a playlist on Sporcle, you need to verify the email address you used during registration. Go to your Sporcle Settings to finish the process.

Report this User

Report this user for behavior that violates our Community Guidelines.

Details: